Funcionamiento familiar, autoestima y consumo de sustancias en adolescentes: un modelo de mediación /

محفوظ في:
التفاصيل البيبلوغرافية
المؤلف الرئيسي: Gonzalo Musitu, Teresa I.
مؤلفون آخرون: Jiménez, Sergio Murgui
التنسيق: نص
الموضوعات:
الوسوم: إضافة وسم
لا توجد وسوم, كن أول من يضع وسما على هذه التسجيلة!

MARC

LEADER 00000 a a2200000 04500
001 17267
003
040
100 |a Gonzalo Musitu, Teresa I.  
245 |a Funcionamiento familiar, autoestima y consumo de sustancias en adolescentes:   |b un modelo de mediación /  |c Teresa I. Gonzalo Musitu 
650 |a INVESTIGACION  
650 |a ADOLESCENTES  
650 |a PSICOLOGIA  
650 |a ESPAÑA  
700 |a Jiménez, Sergio Murgui  
773 |g volumen 49, número 1; páginas 3-10  
999 |c 24349  |d 24349